00479 2200193 4500001002100000005001500021008004100036020002200077035001900099041000700118082001600125090001600141100001400157245002700171250000600198260003300204300002600237650002200263INLIS00000000002153320241224131058241224||||||||| | ||| |||| || |  a978-979-465-531-3 0010-1224021533 aid0 a611.7 TAK m a611.7 TAK m0 aE. Takari00aMengenal Sistem Rangka a1 aBandungbepsilon groupc2007 a36 hlm.; Ilus.: 29 cm 0aIlmu-ilmu terapan